Normal view
MARC view
- Autoaprendizaje
Entry Materia
001 - NÚMERO DE CONTROL DEL REGISTRO
- campo de control: 1578
003 - IDENTIFICADOR DE NUMERO DE CONTROL
- campo de control: MX-MxUPN
005 - FECHA Y HORA DE LA ÚLTIMA TRANSACCIÓN
- campo de control: 20250917141849.0
008 - DATOS DE LONGITUD FIJA
- campo de control de longitud fija: 220524n| acnnnbabn n ana d
035 ## - NÚMERO DE CONTROL DEL SISTEMA
- Número de control del sistema: UPN10000001578
040 ## - FUENTE DE LA CATALOGACIÓN
- Centro catalogador de origen: MX-MxUPN
- Lengua de catalogación: spa
- Agencia de transcripción: MX-MxUPN
150 ## - ENCABEZAMIENTO - TEMÁTICO
- Término de materia o nombre geográfico como elemento inicial: Autoaprendizaje
670 ## - FUENTE EN LA QUE SE LOCALIZARON DATOS
- Cita de la fuente: U
902 ## - CATALOGADOR
- Catalogador: MMA/251005
